| 000 | 00525nam a2200181Ia 4500 | ||
|---|---|---|---|
| 003 | SGT | ||
| 020 | _a9788120319141 | ||
| 082 |
_a628.92 _bSAN |
||
| 100 | _aSahni,Pardeep | ||
| 245 | _aDisaster mitigation : experiences and reflections | ||
| 260 |
_bPHI Learning Private Limited _aNew Delhi _c2013 |
||
| 300 | _a214p. | ||
| 650 | _aCIVIL EGINEERING | ||
| 653 | _aDISASTER MITIGATION ,MANAGING DISASTERS IN THE NEW MILLENNIUM ,DISASTERS AND DEVELOPMENT | ||
| 700 | _aDhameja,Alka | ||
| 700 | _aMedury,Uma | ||
| 942 |
_2ddc _cBK |
||
| 999 |
_c5789 _d5789 |
||